Environmental science : working with the earth

Bibliographic Details
Main Author: Miller, G. Tyler [ (George Tyler), , 1931-
Format: Book
Published: Belmont, CA : Thomson Brooks/Cole, , c2006.
Edition:11th ed.
Subjects:

MARC

LEADER 00000cam a2200000 7i4500
001 0000003575
005 20070809.0
020 0 0 |a 0534422500 
090 0 0 |a 333.72   |b MIL 
100 1 0 |a Miller, G. Tyler [  |q (George Tyler), ,   |d 1931- 
245 1 0 |a Environmental science :   |b working with the earth   |c G. Tyler Miller, Jr. 
250 0 0 |a 11th ed. 
260 0 0 |a Belmont, CA :   |b Thomson Brooks/Cole, ,   |c c2006. 
300 |a xxi, 436, 27, 19, 18 p. :   |b col. ill., col. maps ;   |c 29 cm. 
650 0 0 |a Environmental protection. 
650 0 0 |a Environmental sciences. 
650 0 0 |a Human ecology. 
999 |a 0000007126   |b Monograph   |c Open Shelf   |e Default branch